FC METZ : les transferts les + chers - Statistiques

Statistiques générales
  • Ce quiz a été pris 160 fois
  • Le résultat moyen est 5 sur 10
Statistiques - réponses
montant joueur destination % Correct
10,00 mio. € habib diallo strasbourg
76%
16,90 mio. € pape matar sarr Tottenham
74%
17,00 mio. € ismaila sarr Rennes
69%
5,00 mio. € ribéry Galatasaray
58%
11,00 mio. € boubacar traoré Wolverhampton
57%
7,50 mio. € pjanic Lyon
57%
6,00 mio. € kouyaté Montpellier
42%
6,00 mio. € niakhaté Mayence
37%
5,00 mio. € Sakho west Ham
32%
6,50 mio. € blanchard Juventus
10%
Aucun quiz correspondant
Distribution des résultats
% des personnes avec chaque résultat
Percentile par nombre de réponses
Votre historique - résultats
Vous n’avez pas pris ce quiz